00418 2200157 4500001002100000005001500021035002000036245007700056100001000133300003000143700001100173260003000184082001100214084001700225020001800242INLIS00000000000037920260408084743 a0010-042600000714aThe Land of Silly School :bA Faraway Tree Adventure /cTomas dan Isabel0 aTomas a74 hlm, :bilus ;c20 cm.0 aIsabel aMalaysia :bEgmont,c2017 a813.54 a813.54 TOM l a9781405286053